00733nam a2200181 i 4500001000700000003000900007005001700016007000300033008004100036245016200077260003400239300002800273650004900301700003800350852002200388999001900410952012200429113843ES-MaACL20250820122148.0t|061121s1971 sp r ||||1| spa d00aLos Padres de la Iglesia b: textos doctrinales del cristianismo desde los orígenes hasta san Atanasio / cselección y traducción de José Vives, S.I. aBarcelona : bHerder, c1971. aVIII, 502 p. ; c21 cm. 7aLiteratura cristiana primitiva2embne9145291 aVives, Josep, d1928-201591155734 aES-MaACLjC-45120 c113843d113843 00104070aATENEOMbATENEOMcDEPO2d2008-01-17eSCl0oC-45120p1118728r2023-02-23 00:00:00w2023-02-23yMONOGRAFIA